00388nam a2200157Ia 45000010006000000050017000060080041000230410008000640820015000721000032000872450058001192600009001773000028001866500008002146540008002221736620260306171512.0260306s9999||||xx |||||||||||||| ||und|| aESP a657.8bF43 aFerrer Quea, AlejandroeAUT 0aCuentas de gestión del pcge concordado con las NIIF c2016 a810 páginas :c25 cm. aGEN aCCO